[Event "26.Schlosspark-Open"]
[Site "Wiesbaden-Biebrich"]
[Date "2014.08.31"]
[Round "7.59"]
[White "Hoffmann, Jens"]
[Black "Lessmann, Sven"]
[Result "1/2-1/2"]
[WhiteElo "1843"]
[BlackElo "1686"]
[PlyCount "85"]
[EventDate "2014.??.??"]
[WhiteTeam "SF HN-Biberach 1978 e.V."]
[BlackTeam "SC Bad Soden"]

1. e4 d6 2. d4 Nf6 3. Nc3 g6 4. Be3 Bg7 5. f3 O-O 6. Qd2 c6 7. O-O-O b5 8. Kb1
a5 9. g4 a4 10. a3 b4 11. axb4 a3 12. bxa3 Rxa3 13. Kb2 Ra7 14. Ra1 Rxa1 15.
Kxa1 Qb6 16. Na2 Be6 17. c4 c5 18. b5 cxd4 19. Bxd4 Nxe4 20. fxe4 Qxd4+ 21.
Qxd4 Bxd4+ 22. Kb1 Bxg4 23. Be2 Be6 24. Nf3 Be3 25. Rd1 Nd7 26. Nb4 Nb6 27. Nd5
Nxd5 28. cxd5 Bd7 29. Nd4 Ra8 30. Rd3 Bg1 31. Nc6 Kf8 32. Rb3 Bb6 33. e5 dxe5
34. Nxe5 Bf5+ 35. Kc1 Ra1+ 36. Kd2 Ra2+ 37. Ke1 Ba5+ 38. Kf1 Ra1+ 39. Kg2 Bb6
40. Bg4 Rg1+ 41. Kf3 Rf1+ 42. Ke2 Rf2+ 43. Ke1 1/2-1/2

[Event "26.Schlosspark-Open"]
[Site "Wiesbaden-Biebrich"]
[Date "2014.08.31"]
[Round "7.60"]
[White "Färber, David"]
[Black "Weber, Sandra"]
[Result "0-1"]
[WhiteElo "1691"]
[BlackElo "1800"]
[PlyCount "66"]
[EventDate "2014.??.??"]
[WhiteTeam "SV 1947 Walldorf"]
[BlackTeam "SC Neckarsulm e.V."]

1. e4 c5 2. Nf3 Nc6 3. d4 cxd4 4. Nxd4 g6 5. Be3 Bg7 6. Nc3 Nf6 7. Bc4 Qa5 8.
O-O O-O 9. Bb3 d6 10. f3 Bd7 11. Kh1 a6 12. Qd2 Qc7 13. Nxc6 Bxc6 14. Qf2 b5
15. a3 Rac8 16. Rfd1 Qb7 17. Rd2 a5 18. Qg1 a4 19. Ba2 b4 20. axb4 Qxb4 21. Qc1
a3 22. Rd4 Qxb2 23. Qxb2 axb2 24. Rb1 Nd7 25. Rxb2 Bxd4 26. Bxd4 Rb8 27. Nd5
Bxd5 28. Bxd5 Rxb2 29. Bxb2 Rb8 30. Bd4 Rb1+ 31. Bg1 Rc1 32. c4 Ne5 33. g3 Nxf3
0-1

[Event "26.Schlosspark-Open"]
[Site "Wiesbaden-Biebrich"]
[Date "2014.08.31"]
[Round "7.61"]
[White "Schmitt, Clemens"]
[Black "Binfet, Daniel"]
[Result "0-1"]
[WhiteElo "1581"]
[BlackElo "1817"]
[PlyCount "58"]
[EventDate "2014.??.??"]
[WhiteTeam "SV Bergwinkel"]
[BlackTeam "TuS Makkabi Wiesbaden"]

1. c4 c5 2. g3 Nf6 3. Bg2 Nc6 4. Nc3 g6 5. a3 Bg7 6. Rb1 e5 7. b4 d6 8. b5 Nd4
9. d3 h6 10. e3 Nf5 11. Nge2 O-O 12. O-O Rb8 13. Qa4 Qb6 14. Bd2 Be6 15. Nd5
Qd8 16. Nxf6+ Bxf6 17. Qxa7 Ne7 18. Qa4 d5 19. e4 dxc4 20. Bxh6 cxd3 21. Nc3
Re8 22. Qd1 Bc4 23. Qg4 Qa5 24. Nd5 Nxd5 25. exd5 Bxb5 26. a4 Qxa4 27. Qf3 Bg7
28. Ra1 e4 29. Qg4 Bxa1 0-1

[Event "26.Schlosspark-Open"]
[Site "Wiesbaden-Biebrich"]
[Date "2014.08.31"]
[Round "7.63"]
[White "Rüll, Michael"]
[Black "Viol, Julius"]
[Result "1-0"]
[WhiteElo "1797"]
[BlackElo "1516"]
[PlyCount "75"]
[EventDate "2014.??.??"]
[WhiteTeam "SC 1952 Obertshausen"]
[BlackTeam "FC 1934 Wiesbaden-Bierstadt"]

1. e4 c5 2. d4 cxd4 3. c3 Nf6 4. e5 Nd5 5. cxd4 Nc6 6. Nc3 Nxc3 7. bxc3 g6 8.
Bf4 Bg7 9. Qd2 O-O 10. Bh6 d6 11. Bxg7 Kxg7 12. f4 dxe5 13. d5 Na5 14. fxe5 Bf5
15. Nf3 Be4 16. c4 Kg8 17. Bd3 Bxd3 18. Qxd3 Qc7 19. Rc1 b5 20. c5 Nc4 21. Rxc4
bxc4 22. Qxc4 Rac8 23. c6 Qa5+ 24. Ke2 Rfd8 25. Rd1 Qb6 26. Rd2 a6 27. a4 h6
28. Qh4 Qc5 29. e6 fxe6 30. Qxh6 Rxd5 31. Qxg6+ Kh8 32. Qh6+ Kg8 33. Qxe6+ Kg7
34. Rxd5 Qc2+ 35. Nd2 Qxc6 36. Rg5+ Kh7 37. Qf7+ Kh6 38. Qg7# 1-0

[Event "26.Schlosspark-Open"]
[Site "Wiesbaden-Biebrich"]
[Date "2014.08.31"]
[Round "7.64"]
[White "Brandl, Lea Maria"]
[Black "Kirchner, Stefan"]
[Result "1/2-1/2"]
[WhiteElo "1781"]
[BlackElo "1425"]
[PlyCount "80"]
[EventDate "2014.??.??"]
[WhiteTeam "TSV Schott Mainz"]
[BlackTeam "SF Schöneck"]

1. d4 Nf6 2. c4 d6 3. Nc3 Nbd7 4. Nf3 e5 5. e4 b6 6. d5 Nc5 7. Qc2 a5 8. Be2
Be7 9. O-O Bg4 10. Ne1 h5 11. f3 Bd7 12. f4 Ng4 13. Nf3 Bh4 14. fxe5 Nxe5 15.
Nxe5 dxe5 16. Be3 Bg5 17. Qd2 Be7 18. Rf2 Bh4 19. Rf3 Bg4 20. Rff1 Qd7 21. Rad1
O-O-O 22. Bxg4 hxg4 23. Bxc5 bxc5 24. Ne2 Qa4 25. b3 Qb4 26. Qxb4 axb4 27. Rxf7
Bf6 28. Rf1 Rd6 29. Ng3 Ra6 30. Nf5 Rh7 31. Rf8+ Kd7 32. Rf2 g6 33. Ne3 Ke7 34.
Rb8 Rh4 35. g3 Bg5 36. Ng2 Rh7 37. Rb5 Kd6 38. Rb8 Ke7 39. Rb7 Kd7 40. Rb8 Ke7
1/2-1/2

[Event "26.Schlosspark-Open"]
[Site "Wiesbaden-Biebrich"]
[Date "2014.08.31"]
[Round "7.65"]
[White "Hafensteiner, Tim"]
[Black "Meier, Alexander"]
[Result "1/2-1/2"]
[WhiteElo "1768"]
[BlackElo "1345"]
[PlyCount "89"]
[EventDate "2014.??.??"]
[WhiteTeam "Biebertaler SF"]
[BlackTeam "SC Taunusstein 1966"]

1. e4 d5 2. exd5 Nf6 3. d4 Nxd5 4. c4 Nf6 5. Nc3 c6 6. Nf3 Bf5 7. Be2 h6 8. O-O
e6 9. Ne5 Nbd7 10. Be3 Nxe5 11. dxe5 Nd7 12. f4 Bc5 13. Bxc5 Nxc5 14. b4 Na6
15. a3 O-O 16. Qb3 Nc7 17. Rad1 Qe7 18. Rd2 Rad8 19. Rfd1 Rxd2 20. Rxd2 Rd8 21.
Qd1 Rxd2 22. Qxd2 Ne8 23. Na4 b6 24. Bf3 Qc7 25. g4 Bh7 26. Kg2 f6 27. Qd4 fxe5
28. fxe5 Bg6 29. Nc3 Bf7 30. Ne4 Kf8 31. Nd6 Nxd6 32. exd6 Qd7 33. Kg3 Be8 34.
a4 Qd8 35. b5 c5 36. Qe5 Qf6 37. Qxf6+ gxf6 38. Bc6 Bg6 39. Kf4 Bd3 40. h4 Bxc4
41. g5 fxg5+ 42. hxg5 hxg5+ 43. Kxg5 Kf7 44. Be4 Ke8 45. Bc6+ 1/2-1/2

[Event "26.Schlosspark-Open"]
[Site "Wiesbaden-Biebrich"]
[Date "2014.08.31"]
[Round "7.66"]
[White "Thybo, Thomas Sondergaard"]
[Black "Sergakis, Leonidas"]
[Result "1-0"]
[WhiteElo "1525"]
[BlackElo "1803"]
[PlyCount "107"]
[EventDate "2014.??.??"]
[WhiteTeam "Morso Skak Klub"]
[BlackTeam "O.F.C Chania"]

1. e4 d6 2. d4 Nf6 3. Nc3 e5 4. dxe5 dxe5 5. Qxd8+ Kxd8 6. Bg5 c6 7. Nf3 Nbd7
8. O-O-O Ke8 9. Bc4 Bb4 10. Rd3 Ba5 11. Rhd1 b5 12. Bb3 b4 13. Bxf6 gxf6 14.
Na4 Bc7 15. Bxf7+ Ke7 16. Bb3 Rd8 17. h3 Rb8 18. Nh4 Nf8 19. Rg3 Rxd1+ 20. Kxd1
Bb6 21. Nxb6 axb6 22. Rg7+ Ke8 23. Rf7 Be6 24. Rxf8+ Kxf8 25. Bxe6 Ke7 26. Bb3
Rd8+ 27. Ke2 b5 28. Nf5+ Kf8 29. c3 bxc3 30. bxc3 c5 31. Bd5 Rb8 32. Kd3 Rb6
33. c4 b4 34. Kc2 Ra6 35. Kb2 Rb6 36. a3 bxa3+ 37. Kxa3 Rb1 38. Ka2 Rf1 39. f3
Rf2+ 40. Ka3 Rxg2 41. Ka4 Rb2 42. Ka5 Rb1 43. Nd6 Ke7 44. Nb5 Rh1 45. Kb6 Rxh3
46. Kxc5 h5 47. Kb4 Rg3 48. c5 h4 49. c6 h3 50. c7 Rg8 51. Bxg8 h2 52. c8=Q
h1=Q 53. Qe6+ Kd8 54. Qd6+ 1-0

[Event "26.Schlosspark-Open"]
[Site "Wiesbaden-Biebrich"]
[Date "2014.08.31"]
[Round "7.67"]
[White "Jordake, Michael"]
[Black "Wöhl, Torsten"]
[Result "0-1"]
[WhiteElo "1802"]
[BlackElo "1626"]
[PlyCount "120"]
[EventDate "2014.??.??"]
[WhiteTeam "SC Bergen-Enkheim 1922"]
[BlackTeam "SC Groß-Zimmern"]

1. Nc3 e6 2. Nf3 Nf6 3. e4 d5 4. e5 Nfd7 5. d4 b6 6. Be2 Ba6 7. O-O Bxe2 8.
Nxe2 c5 9. Bf4 Be7 10. Bg3 Nc6 11. Re1 O-O 12. c3 c4 13. Nf4 b5 14. h4 b4 15.
h5 bxc3 16. bxc3 Rb8 17. Qa4 Qc7 18. Bh4 Bxh4 19. Nxh4 Ne7 20. Qc2 Rb6 21. Rab1
Rfb8 22. Nf3 Nf5 23. g4 Nh6 24. g5 Nf5 25. Kh2 R8b7 26. Kh3 Qb8 27. Rxb6 Rxb6
28. Qa4 Qb7 29. Re2 Ra6 30. Qc2 Rb6 31. Nh4 Ne7 32. g6 hxg6 33. hxg6 f5 34. f3
Rb1 35. Rh2 Kf8 36. Nxe6+ Kg8 37. Nf4 Rf1 38. Qb2 Qxb2 39. Rxb2 Rh1+ 40. Kg3
Nb6 41. Nhg2 Rc1 42. Ne2 Rh1 43. Nh4 Kf8 44. Nf4 Kg8 45. Nhg2 Rc1 46. Ne3 Rxc3
47. Nexd5 Nexd5 48. Nxd5 Rd3 49. e6 Kf8 50. e7+ Ke8 51. Re2 Nxd5 52. Re5 Nxe7
53. Ra5 Rxd4 54. Rxa7 Rd8 55. Rc7 Rc8 56. Rb7 c3 57. Rb1 Nxg6 58. Rc1 Kf7 59.
f4 c2 60. a4 Rc3+ 0-1

[Event "26.Schlosspark-Open"]
[Site "Wiesbaden-Biebrich"]
[Date "2014.08.31"]
[Round "7.68"]
[White "Roth, Michael"]
[Black "Zeyen, Helmut"]
[Result "0-1"]
[WhiteElo "1600"]
[BlackElo "1801"]
[PlyCount "84"]
[EventDate "2014.??.??"]
[WhiteTeam "SC Lerchenberg/ZMO"]
[BlackTeam "Wiesbadener SV 1885"]

1. e4 d5 2. exd5 Qxd5 3. Nc3 Qd6 4. Nb5 Qd8 5. Bc4 Nf6 6. d4 c6 7. Nc3 e6 8.
Bg5 h6 9. Bh4 Be7 10. h3 b5 11. Bd3 Nd5 12. Bxe7 Qxe7 13. Ne4 Nd7 14. a3 N5f6
15. Ng3 Bb7 16. f3 O-O 17. Qd2 a6 18. O-O-O c5 19. dxc5 Nxc5 20. Re1 Qc7 21.
Qc3 Nxd3+ 22. Qxd3 Qxg3 23. Ne2 Qg5+ 24. Kb1 Rfd8 25. Qc3 Rac8 26. h4 Qc5 27.
g4 Qxc3 28. Nxc3 Bxf3 29. Rhg1 Bxg4 30. Ref1 h5 31. Na2 Rd2 32. c3 Rcd8 33. Nb4
R8d6 34. Nc2 Bf5 35. Rxf5 exf5 36. Ne3 Rf2 37. b3 Rdd2 38. c4 bxc4 39. Nxc4 Rd4
40. Ne3 Ne4 41. a4 Nc3+ 42. Kc1 Ne2+ 0-1

[Event "26.Schlosspark-Open"]
[Site "Wiesbaden-Biebrich"]
[Date "2014.08.31"]
[Round "7.69"]
[White "Rosmanitz, Anna"]
[Black "Brandt, Michael"]
[Result "1/2-1/2"]
[WhiteElo "1599"]
[BlackElo "1762"]
[PlyCount "59"]
[EventDate "2014.??.??"]
[WhiteTeam "SC 1979 Hattersheim"]
[BlackTeam "Wiesbadener SV 1885"]

1. e4 c5 2. Nc3 d6 3. f4 a6 4. Nf3 Nc6 5. Bc4 e6 6. a4 Nf6 7. O-O b6 8. d3 Be7
9. Qe1 Qc7 10. Qg3 Rg8 11. e5 dxe5 12. fxe5 Nd7 13. Bf4 h6 14. Bxh6 Ncxe5 15.
Bf4 Bd6 16. Ne4 Nxf3+ 17. Rxf3 Bxf4 18. Rxf4 Bb7 19. Re1 Bxe4 20. Rexe4 g5 21.
Bxe6 fxe6 22. Rf8+ Rxf8 23. Qxc7 Ke7 24. Qg3 Rf5 25. h4 gxh4 26. Qxh4+ Kd6 27.
Qg3+ Ke7 28. Qg7+ Kd6 29. Qg3+ Ke7 30. Qg7+ 1/2-1/2

[Event "26.Schlosspark-Open"]
[Site "Wiesbaden-Biebrich"]
[Date "2014.08.31"]
[Round "7.70"]
[White "Traut, Stefan"]
[Black "Wilk, David"]
[Result "1-0"]
[WhiteElo "1759"]
[BlackElo "1580"]
[PlyCount "147"]
[EventDate "2014.??.??"]
[WhiteTeam "SF Heusenstamm"]
[BlackTeam "Sfr.Mainz 1928"]

1. d4 d5 2. Nf3 Nf6 3. c4 e6 4. g3 Nbd7 5. Nbd2 Be7 6. Bg2 O-O 7. O-O Rb8 8.
Qc2 a6 9. e4 dxe4 10. Nxe4 b6 11. Nxf6+ Nxf6 12. Bf4 Bb7 13. Rad1 Be4 14. Qc1
Rc8 15. Ne5 Bxg2 16. Kxg2 Qe8 17. b3 Nh5 18. Be3 Bd6 19. Nf3 f5 20. c5 f4 21.
Bd2 fxg3 22. fxg3 Be7 23. Ne5 Bf6 24. c6 Bxe5 25. dxe5 Qg6 26. Qc4 Qe8 27. Bb4
Rxf1 28. Rxf1 Qg6 29. Rf2 a5 30. Ba3 h6 31. Rf1 Rd8 32. Bc1 Rd5 33. Qe2 Rc5 34.
Qf3 Rc2+ 35. Kh1 Qe8 36. g4 Nf4 37. Bxf4 Rxc6 38. Rc1 Rxc1+ 39. Bxc1 Qg6 40.
Qe2 Qb1 41. Qc4 Kh8 42. a4 c5 43. h4 Qa1 44. Qf4 Qc3 45. Qe3 Qb4 46. Qg3 Qd4
47. Be3 Qe4+ 48. Kh2 Qb1 49. Bf4 Qc2+ 50. Kh3 c4 51. bxc4 Qxc4 52. Qf3 Qxa4 53.
Bxh6 Qd7 54. Be3 Qd3 55. h5 b5 56. Kh4 b4 57. g5 Qc4+ 58. Kh3 Qc8 59. h6 Qg8
60. Qh5 gxh6 61. Qxh6+ Qh7 62. Qxh7+ Kxh7 63. Bc5 b3 64. Ba3 Kg6 65. Kg4 a4 66.
Bb2 Kg7 67. Kh5 Kh7 68. g6+ Kg7 69. Kg5 Kf8 70. Kf6 Kg8 71. Kxe6 Kg7 72. Kf5
Kf8 73. Kf6 Kg8 74. g7 1-0

[Event "26.Schlosspark-Open"]
[Site "Wiesbaden-Biebrich"]
[Date "2014.08.31"]
[Round "7.71"]
[White "Happel, Jürgen"]
[Black "Bratmann, Marc"]
[Result "1/2-1/2"]
[WhiteElo "1574"]
[BlackElo "1747"]
[PlyCount "46"]
[EventDate "2014.??.??"]
[WhiteTeam "SV 1920 Hofheim"]
[BlackTeam "SAbt TuS Dotzheim"]

1. d4 d5 2. Bf4 Nf6 3. h3 Bf5 4. e3 e6 5. Nf3 h6 6. Bd3 Bxd3 7. Qxd3 Nbd7 8.
O-O Be7 9. Nbd2 c5 10. c3 O-O 11. a4 a5 12. Rfe1 cxd4 13. exd4 Nb6 14. Rec1 Rc8
15. Qe2 Bd6 16. Bxd6 Qxd6 17. Qb5 Ra8 18. Ne5 Rfc8 19. Qd3 Nfd7 20. Nxd7 Qxd7
21. b3 Rc7 22. c4 dxc4 23. Nxc4 Nxc4 1/2-1/2

[Event "26.Schlosspark-Open"]
[Site "Wiesbaden-Biebrich"]
[Date "2014.08.31"]
[Round "7.72"]
[White "van Bömmel, Philipp"]
[Black "Kirchner, Markus"]
[Result "1/2-1/2"]
[WhiteElo "1722"]
[BlackElo "1519"]
[PlyCount "60"]
[EventDate "2014.??.??"]
[WhiteTeam "SC 1979 Hattersheim"]
[BlackTeam "SF Schöneck"]

1. c4 d6 2. g3 Nd7 3. Bg2 e5 4. Nc3 Ngf6 5. d3 Be7 6. e4 O-O 7. Nge2 c6 8. O-O
a5 9. h3 Qb6 10. Rb1 Nc5 11. Be3 Qd8 12. Qc2 Be6 13. b3 Qd7 14. Kh2 Rfd8 15. d4
exd4 16. Nxd4 Rab8 17. f4 Qc7 18. f5 Bd7 19. Rbe1 b5 20. g4 Re8 21. Bf4 bxc4
22. bxc4 Rb4 23. Qe2 h6 24. a3 Rb7 25. Qf2 Nd3 26. Qg3 Nxe1 27. Rxe1 c5 28.
Ndb5 Bxb5 29. Nxb5 Qd7 30. Rd1 Rxb5 1/2-1/2

[Event "26.Schlosspark-Open"]
[Site "Wiesbaden-Biebrich"]
[Date "2014.08.31"]
[Round "7.73"]
[White "Künne, Lutz Dieter"]
[Black "Gelfenbaum, Daniel"]
[Result "0-1"]
[WhiteElo "1542"]
[BlackElo "1716"]
[PlyCount "108"]
[EventDate "2014.??.??"]
[WhiteTeam "Kings Club 98 Jena"]
[BlackTeam "SAbt TuS Makkabi Ffm"]

1. e4 c6 2. d4 d5 3. Nd2 dxe4 4. Nxe4 Bf5 5. Ng3 Bg6 6. h4 h6 7. Nf3 Nd7 8. h5
Bh7 9. Bd3 Bxd3 10. Qxd3 e6 11. Bd2 Ngf6 12. O-O-O Be7 13. Kb1 O-O 14. Qe2 Qc7
15. Ne4 Rac8 16. Ne1 Nxe4 17. Qxe4 Nf6 18. Qe2 Rfd8 19. c3 c5 20. Rc1 c4 21. g4
Qc6 22. f3 Nh7 23. Ng2 Ng5 24. Bxg5 Bxg5 25. f4 Bf6 26. Rhf1 Qc7 27. Qc2 b5 28.
f5 e5 29. dxe5 Bxe5 30. Rcd1 a6 31. Rxd8+ Rxd8 32. Rd1 Rxd1+ 33. Qxd1 Qd6 34.
Qxd6 Bxd6 35. Kc2 g6 36. hxg6 fxg6 37. Nh4 g5 38. Nf3 Bf4 39. b3 h5 40. gxh5 g4
41. Nh4 Kg7 42. Kd1 Bg5 43. Ng2 Kh6 44. Ke2 Kxh5 45. Ne3 Bxe3 46. Kxe3 Kg5 47.
Ke4 g3 48. Kf3 Kxf5 49. Kxg3 Ke4 50. bxc4 bxc4 51. Kf2 Kd3 52. Ke1 Kxc3 53. Kd1
Kb2 54. a4 c3 0-1

[Event "26.Schlosspark-Open"]
[Site "Wiesbaden-Biebrich"]
[Date "2014.08.31"]
[Round "7.74"]
[White "Günther, Rainer"]
[Black "Lehmann, Wolfgang"]
[Result "0-1"]
[WhiteElo "1704"]
[BlackElo "1500"]
[PlyCount "82"]
[EventDate "2014.??.??"]
[WhiteTeam "SV Mainz-Mombach"]
[BlackTeam "Wiesbadener SV 1885"]

1. e4 c6 2. d4 d5 3. e5 e6 4. Bd3 c5 5. c3 cxd4 6. cxd4 Nc6 7. Ne2 Bb4+ 8. Kf1
Be7 9. Nd2 a6 10. a4 Bd7 11. Nf3 Nb4 12. Bb1 b5 13. b3 Rc8 14. Bb2 Nh6 15. g3
Nf5 16. Kg2 h5 17. Qd2 g6 18. axb5 Bxb5 19. Nc3 Bc6 20. Na4 Bb5 21. Bxf5 exf5
22. Nc5 Bxc5 23. dxc5 Nd3 24. Bd4 h4 25. Ng5 Qe7 26. h3 Rh5 27. Nf3 Kd7 28. Ne1
Nxe5 29. Qf4 Re8 30. Bxe5 Qxe5 31. Qxe5 Rxe5 32. Nf3 Re7 33. Nxh4 Rh8 34. Rhe1
Rhe8 35. Rxe7+ Rxe7 36. Nf3 Re4 37. Re1 Kc6 38. Rxe4 fxe4 39. Ne5+ Kxc5 40.
Nxf7 d4 41. Ne5 d3 0-1

[Event "26.Schlosspark-Open"]
[Site "Wiesbaden-Biebrich"]
[Date "2014.08.31"]
[Round "7.75"]
[White "Raitor, Sven"]
[Black "Mütsch, Annmarie"]
[Result "0-1"]
[WhiteElo "1493"]
[BlackElo "1701"]
[PlyCount "52"]
[EventDate "2014.??.??"]
[WhiteTeam "SK Großsachsen"]
[BlackTeam "SC Eppingen"]

1. e4 e5 2. Nf3 Nc6 3. Bc4 Be7 4. O-O Nf6 5. Nc3 O-O 6. b3 d6 7. h3 h6 8. Bb2
a6 9. a4 Be6 10. Bxe6 fxe6 11. d4 exd4 12. Nxd4 Nxd4 13. Qxd4 e5 14. Qe3 Qe8
15. Rad1 c6 16. Qb6 Rb8 17. Qe3 Qg6 18. Rd2 Nh5 19. g3 Bg5 20. Qd3 Bxd2 21.
Qxd2 Nxg3 22. fxg3 Qxg3+ 23. Qg2 Rxf1+ 24. Kxf1 Rf8+ 25. Kg1 Qe1+ 26. Kh2 Rf2
0-1

[Event "26.Schlosspark-Open"]
[Site "Wiesbaden-Biebrich"]
[Date "2014.08.31"]
[Round "7.76"]
[White "Schneider, Luca"]
[Black "Lorenz, Hermann"]
[Result "0-1"]
[WhiteElo "1107"]
[BlackElo "1698"]
[PlyCount "84"]
[EventDate "2014.??.??"]
[WhiteTeam "FC 1934 Wiesbaden-Bierstadt"]
[BlackTeam "Sfr.Mainz 1928"]

1. Nf3 Nf6 2. b4 g6 3. d4 Bg7 4. c4 d6 5. Nc3 O-O 6. e4 c5 7. b5 cxd4 8. Nxd4
Qb6 9. Nb3 Ng4 10. c5 Bxc3+ 11. Bd2 Bxd2+ 12. Qxd2 dxc5 13. h3 Nf6 14. Qe3 c4
15. Qxb6 axb6 16. Bxc4 Nxe4 17. O-O Nd6 18. Be2 Be6 19. Nc1 Nd7 20. a3 Nc5 21.
Nd3 Bc4 22. Nxc5 bxc5 23. Bxc4 Nxc4 24. Rfc1 Ra4 25. Rc3 Rfa8 26. Rac1 Nd6 27.
Rxc5 Rxa3 28. Rc7 Ra1 29. Rf1 Rxf1+ 30. Kxf1 Kf8 31. b6 Rc8 32. Rxc8+ Nxc8 33.
Ke2 Nxb6 34. g4 e6 35. f3 Ke7 36. Kd3 Nd5 37. Ke4 Kd6 38. h4 b5 39. Kd4 b4 40.
Kc4 Ke5 41. h5 g5 42. h6 Kf4 0-1

[Event "26.Schlosspark-Open"]
[Site "Wiesbaden-Biebrich"]
[Date "2014.08.31"]
[Round "7.77"]
[White "Börkey, Joel"]
[Black "Triantafillidis, Dimitrios"]
[Result "0-1"]
[WhiteElo "968"]
[BlackElo "1659"]
[PlyCount "106"]
[EventDate "2014.??.??"]
[WhiteTeam "Wiesbadener SV 1885"]
[BlackTeam "SF HN-Biberach 1978 e.V."]

1. e4 c6 2. d4 d5 3. e5 Bf5 4. Bd3 Bxd3 5. Qxd3 e6 6. Qd1 Ne7 7. Nf3 Nf5 8. O-O
Nd7 9. Nbd2 Rc8 10. Nb3 c5 11. c3 cxd4 12. cxd4 Be7 13. Bd2 O-O 14. Rc1 b6 15.
Rxc8 Qxc8 16. Qc1 a6 17. Qxc8 Rxc8 18. Rc1 Rxc1+ 19. Bxc1 f6 20. Bf4 fxe5 21.
Nxe5 Nxe5 22. Bxe5 Bf6 23. Bxf6 gxf6 24. Kf1 Kf7 25. Ke2 Ke7 26. Kd3 Kd6 27.
Nd2 e5 28. dxe5+ fxe5 29. Nf1 Kc5 30. a3 e4+ 31. Kd2 Nh4 32. g3 Nf3+ 33. Ke2
Kc4 34. Ke3 Kb3 35. Kf4 Kxb2 36. h4 Kxa3 37. g4 Kb4 38. h5 h6 39. Nh2 Ng5 40.
Ke3 a5 41. Kd2 a4 42. Kc1 Kc3 43. Nf1 b5 44. Ne3 d4 45. Nd5+ Kb3 46. Kb1 a3 47.
Ka1 b4 48. Kb1 Kc4 49. Nxb4 Kxb4 50. f3 exf3 51. Ka1 f2 52. Ka2 d3 53. Ka1 Kb3
0-1

[Event "26.Schlosspark-Open"]
[Site "Wiesbaden-Biebrich"]
[Date "2014.08.31"]
[Round "7.78"]
[White "Roos, Elias"]
[Black "Triantafillidis, Simeon"]
[Result "1-0"]
[WhiteElo "1648"]
[BlackElo "1361"]
[PlyCount "39"]
[EventDate "2014.??.??"]
[WhiteTeam "SG Trier"]
[BlackTeam "SF HN-Biberach 1978 e.V."]

1. e4 e5 2. Nf3 Nc6 3. Bb5 a6 4. Ba4 b5 5. Bb3 Nf6 6. O-O Bc5 7. Nxe5 Nxe5 8.
d4 Bxd4 9. Qxd4 Nc6 10. Qd3 O-O 11. Bg5 Re8 12. Nc3 Bb7 13. f4 d6 14. Nd5 Na5
15. Nxf6+ gxf6 16. Bh6 Bxe4 17. Qg3+ Bg6 18. f5 c5 19. fxg6 hxg6 20. Qxg6+ 1-0

[Event "26.Schlosspark-Open"]
[Site "Wiesbaden-Biebrich"]
[Date "2014.08.31"]
[Round "7.79"]
[White "Moseler, Thomas"]
[Black "Sallwey, Rainer"]
[Result "1-0"]
[WhiteElo "1628"]
[BlackElo "1411"]
[PlyCount "104"]
[EventDate "2014.??.??"]
[WhiteTeam "SK Lister Turm"]
[BlackTeam "SK Langen"]

1. e4 d5 2. exd5 Qxd5 3. Nc3 Qd6 4. Nf3 Nf6 5. d4 c6 6. Be2 Bg4 7. O-O e6 8. h3
Bh5 9. Re1 Bxf3 10. Bxf3 Be7 11. Ne2 O-O 12. Bf4 Qd8 13. c3 Nbd7 14. Qb3 Qb6
15. Qc2 Qd8 16. Rad1 Qb6 17. a3 Nd5 18. Bg3 Qd8 19. c4 N5b6 20. d5 cxd5 21.
cxd5 exd5 22. Bxd5 Rc8 23. Qf5 Rc5 24. Nc3 Bf6 25. Bd6 Bxc3 26. bxc3 Rxd5 27.
Rxd5 Nxd5 28. Qxd5 Re8 29. Rd1 Qc8 30. Bb4 Nf6 31. Qf3 b6 32. Rd3 h6 33. Rd4
Qe6 34. c4 Rc8 35. Qd3 Qe8 36. Bc3 Qe7 37. Bd2 Re8 38. Be3 Ne4 39. Rd7 Qe6 40.
Rxa7 Rc8 41. Ra6 Qxc4 42. Qxc4 Rxc4 43. Rxb6 Ra4 44. Rb3 Nd6 45. Bc5 Ne4 46.
Bb4 Nf6 47. Kf1 Nd5 48. Ke2 Nf4+ 49. Kf3 Ne6 50. Ke3 f6 51. g3 Kf7 52. Rd3 Nf8
1-0

[Event "26.Schlosspark-Open"]
[Site "Wiesbaden-Biebrich"]
[Date "2014.08.31"]
[Round "7.81"]
[White "Busch, Günther"]
[Black "Schneider, Kevin"]
[Result "1/2-1/2"]
[WhiteElo "1307"]
[BlackElo "1155"]
[PlyCount "43"]
[EventDate "2014.??.??"]
[WhiteTeam "FC 1934 Wiesbaden-Bierstadt"]
[BlackTeam "SC Turm Breuberg"]

1. g3 Nf6 2. Bg2 e5 3. d3 d5 4. e3 Bg4 5. Ne2 c6 6. a3 Be7 7. h3 Bh5 8. Nd2
Nbd7 9. c4 O-O 10. O-O Bg6 11. e4 d4 12. Nf3 Ne8 13. Nh2 Nc7 14. f4 f6 15. f5
Be8 16. g4 a5 17. Rf3 b5 18. Qc2 Na6 19. Bd2 b4 20. Nc1 bxa3 21. bxa3 Rb8 22.
Qa4 1/2-1/2

[Event "26.Schlosspark-Open"]
[Site "Wiesbaden-Biebrich"]
[Date "2014.08.31"]
[Round "7.82"]
[White "Martin, Lukas"]
[Black "Jakesevic, Ivan"]
[Result "1-0"]
[WhiteElo "1374"]
[BlackElo "1107"]
[PlyCount "117"]
[EventDate "2014.??.??"]
[WhiteTeam "SC Bad Soden"]
[BlackTeam "FC 1934 Wiesbaden-Bierstadt"]

1. d4 d6 2. c4 b6 3. Nc3 a6 4. Nf3 e6 5. e4 Bb7 6. Bd3 Nd7 7. O-O g6 8. Bg5 Ne7
9. Re1 Bg7 10. d5 e5 11. b4 O-O 12. Ne2 h6 13. Be3 Kh7 14. Ng3 Ng8 15. Qe2 Ndf6
16. Rec1 Ng4 17. c5 Nxe3 18. Qxe3 bxc5 19. bxc5 c6 20. Rab1 Rb8 21. dxc6 Bxc6
22. Rxb8 Qxb8 23. Bxa6 Qa7 24. Bc4 dxc5 25. Bb3 Ba4 26. Qxc5 Qxc5 27. Rxc5 Bxb3
28. axb3 Rb8 29. Nd2 h5 30. Rc3 Rd8 31. Rc2 Bh6 32. Nc4 h4 33. Nf1 Rc8 34. Rb2
Bg7 35. Nd6 Rc7 36. Ne8 Rb7 37. Nxg7 Kxg7 38. b4 Rb5 39. Ne3 Ne7 40. Nc2 Nc6
41. f3 f6 42. Kf2 Kf7 43. Ke3 Ke6 44. Kd3 Kd6 45. Kc3 f5 46. Na3 Rb8 47. b5 Nd4
48. Nc4+ Ke6 49. b6 Nc6 50. Rd2 Nd4 51. f4 Nb5+ 52. Kb4 Nd4 53. fxe5 Nc6+ 54.
Kc5 Ne7 55. Rd6+ Kf7 56. Rf6+ Ke8 57. Nd6+ Kd7 58. e6+ Kd8 59. Rf8# 1-0

[Event "26.Schlosspark-Open"]
[Site "Wiesbaden-Biebrich"]
[Date "2014.08.31"]
[Round "7.83"]
[White "Kirchner, Johanna"]
[Black "Troeger, Beate"]
[Result "0-1"]
[WhiteElo "1203"]
[BlackElo "1540"]
[PlyCount "112"]
[EventDate "2014.??.??"]
[WhiteTeam "SF Schöneck"]
[BlackTeam "Vorw.Orient Mainz"]

1. e4 c5 2. Nf3 d6 3. d4 cxd4 4. Nxd4 Nf6 5. Nc3 a6 6. Bd3 e5 7. Nb3 Be6 8. Bd2
Be7 9. O-O O-O 10. Kh1 Nbd7 11. f3 Rc8 12. Qe1 Nc5 13. Nxc5 dxc5 14. Rd1 b5 15.
b3 c4 16. Be2 cxb3 17. cxb3 Qb6 18. Qg3 Bd6 19. Rc1 Ba3 20. Rc2 b4 21. Na4 Qd4
22. Rxc8 Rxc8 23. Bh6 g6 24. Bxa6 Rc2 25. Qg5 Qd8 26. Qxe5 Rxa2 27. Bg5 Nd7 28.
Bxd8 Nxe5 29. Bf6 Nd7 30. e5 Bxb3 31. Bb5 Nxf6 32. exf6 Bxa4 33. Bxa4 Bb2 34.
Rd1 Ra1 35. Rxa1 Bxa1 36. Kg1 Bxf6 37. Kf1 Kf8 38. Ke2 Ke7 39. Kd3 Be5 40. h3
Kd6 41. Kc4 Bc3 42. Bb3 Ke5 43. Kd3 f5 44. Ke3 Bd4+ 45. Kd3 Bg1 46. Bg8 h6 47.
Kc4 Kf4 48. Kxb4 Kg3 49. Bh7 f4 50. Bxg6 Kxg2 51. Bh5 Kxh3 52. Kc4 Kh4 53. Bg4
h5 54. Be6 Kg3 55. Bd5 h4 56. Kd3 h3 0-1

[Event "26.Schlosspark-Open"]
[Site "Wiesbaden-Biebrich"]
[Date "2014.08.31"]
[Round "7.84"]
[White "Salm, Andreas"]
[Black "Gläßer, Leonhard"]
[Result "1/2-1/2"]
[WhiteElo "1471"]
[BlackElo "938"]
[PlyCount "39"]
[EventDate "2014.??.??"]
[WhiteTeam "SAbt SV Werder Bremen"]
[BlackTeam "FC 1934 Wiesbaden-Bierstadt"]

1. c4 e6 2. g3 c5 3. Bg2 Nf6 4. Nc3 Nc6 5. d3 d5 6. Bg5 d4 7. Ne4 Be7 8. Bxf6
Bxf6 9. Nxc5 O-O 10. Nf3 Qa5+ 11. Nd2 Qxc5 12. O-O a6 13. Ne4 Qe5 14. f4 Qc7
15. Nxf6+ gxf6 16. Re1 e5 17. Rf1 Be6 18. f5 Bd7 19. e4 dxe3 20. Qg4+ 1/2-1/2